000 00815cjm a22002775a 4500
001 12601290
003 OSt
005 20160510144917.0
008 011128s199u xxuuun
010 _a 2001575586
020 _a9780030946196
020 _a0030946190
028 0 2 _a9-99-752721-6
_bHolt Rinehart Wilson
035 _a(DLC) 2001575586
035 _a(DLC)12601290
040 _aSEKU
050 0 0 _aPE 1117
_b.P3
100 _4Parrish, Richard D.
245 0 0 _aElements of literature :
_bliterature of Britain /
_cRichard D. Parrish ; June Pixton Gaede.
260 _aAustin :
_bHolt Rinehart and Winston,
_c1993.
300 _a324 p.
650 _aLiterature
_vStudy and teaching
650 _aEnglish literature
_vStudy and teaching
700 _4Gaede, June Pixton.
942 _2lcc
_cGEN
999 _c9346
_d9346